K̲h̲ayālistān : (Record no. 59375)

MARC details
000 -LEADER
fixed length control field 00562cam a2200181 i 4500
001 - CONTROL NUMBER
control field sa 64005867
003 - CONTROL NUMBER IDENTIFIER
control field DLC
005 - DATE AND TIME OF LATEST TRANSACTION
control field 20260227112035.0
008 - FIXED-LENGTH DATA ELEMENTS--GENERAL INFORMATION
fixed length control field 850318s1962 ii 00010 urdo
010 ## - LIBRARY OF CONGRESS CONTROL NUMBER
LC control number sa 64005867 //r85
050 0# - LIBRARY OF CONGRESS CALL NUMBER
Classification number PK2199.H277
Item number K4 1962
100 10 - MAIN ENTRY--PERSONAL NAME
Personal name Ḥaidar, Sajjād,
Dates associated with a name 1880-1943.
245 10 - TITLE STATEMENT
Title K̲h̲ayālistān :
Remainder of title muk̲h̲taṣqr afsānon̲ kā majmūʻah /
Statement of responsibility, etc. Sajjād Ḥaidar Yaldaram.
260 0# - PUBLICATION, DISTRIBUTION, ETC.
Place of publication, distribution, etc. Dihlī :
Name of publisher, distributor, etc. Maktabah-yi Jāmiʻah,
Date of publication, distribution, etc. [1962]
300 ## - PHYSICAL DESCRIPTION
Extent 248 p. ;
Dimensions 19 cm.
500 ## - GENERAL NOTE
General note In Urdu.
500 ## - GENERAL NOTE
General note Text partially vocalized.

No items available.

Powered by Koha